000 00910cad a22002175a 4500
001 E154002
008 110103s2011 xxko f 000 0 eng d
035 _a(Sirsi) u154002
041 0 _aeng
050 0 4 _a333.0062 $2 18
110 2 _aRoyal Institution of Chartered Surveyors
_bScottish Branch
_9830
245 0 0 _aRICS Scotland annual report 2010/11
_h[electronic resource]
260 _aEdinburgh
_bRICS
_c2011
520 _aReport on the activities of RICS Scotland for the period 2010/11. Includes a statement of the Chairman's activities, details of RICS Scotland's achievements and an income and expenditure statement.
521 _aIntroductory
590 _aKA
651 4 _aScotland
_y1999-
690 _aABOUT RICS-RICS ANNUAL REPORT
856 4 0 _uhttps://www.rics.org/site/download_feed.aspx?fileID=10505&fileExtension=PDF
_zView the annual report free of charge at www.rics.org
942 _n0
999 _c112805
_d112805